000 00311nam a22000977a 4500
008 150624b xxu||||| |||| 00| 0 eng d
010 _8HCCRSARF:008
245 _aHIGH COURT CRIMINAL SESSION NO.171 OF 1970 Uganda Vs Charles Nadwaya
260 _aHigh Court Kampala
500 _3BEFORE: Hon. Mr. Justice S.W.W. Wambuzi
999 _c6633
_d6633